| 000 | 00653nam a2200241 a 4500 | ||
|---|---|---|---|
| 008 | |||
| 020 | _a0080326277 (hbk.) | ||
| 049 | _aMAIN | ||
| 090 | _aTP1120CRA | ||
| 100 | 1 | _aCrawford, R. J. | |
| 245 | 1 | 0 |
_aPlastics engineering / _cR.J. Crawford. |
| 250 | _a2nd ed. | ||
| 260 |
_aOxford : _bPergamon Press, _c1987. |
||
| 300 |
_aix, 354 p. : _bill. ; _c24 cm. |
||
| 504 | _aIncludes bibliographical references. | ||
| 500 | _aIncludes index. | ||
| 650 | 0 | _aPlastics. | |
| 907 |
_a.b10069720 _b28-03-06 _c17-04-03 |
||
| 003 | |||
| 005 | 20230123134032.0 | ||
| 040 | _cNUST | ||
| 942 |
_cBOOKS _kTP1120CRA |
||
| 999 |
_c158894 _d158894 |
||